Tattwa Tathya Itihas Aru Bitarka (Record no. 5200)

MARC details
000 -LEADER
fixed length control field 00446cam a2200169ua 4500
008 - FIXED-LENGTH DATA ELEMENTS--GENERAL INFORMATION
fixed length control field 131106n ii |||gr||||Z||||||asm
040 ## - CATALOGING SOURCE
Transcribing agency MAIN
082 ## - DEWEY DECIMAL CLASSIFICATION NUMBER
Classification number 954
245 ## - TITLE STATEMENT
Title Tattwa Tathya Itihas Aru Bitarka
Statement of responsibility, etc. By Ramesh Kalita
260 ## - PUBLICATION, DISTRIBUTION, ETC.
Place of publication, distribution, etc. Guwahati:
Name of publisher, distributor, etc. Ashok Book Stall,
Date of publication, distribution, etc. 2008.
300 ## - PHYSICAL DESCRIPTION
Extent x,219p.
700 ## - ADDED ENTRY--PERSONAL NAME
Personal name Kalita,Ramesh,
Relator term
942 ## - ADDED ENTRY ELEMENTS (KOHA)
Koha item type Books
653 ## - INDEX TERM--UNCONTROLLED
Uncontrolled term South Asia India
653 ## - INDEX TERM--UNCONTROLLED
Uncontrolled term Tattwa Tathya Itihas Aru Bitarka
Holdings
Withdrawn status Lost status Damaged status Not for loan Home library Current library Shelving location Date acquired Total Checkouts Full call number Barcode Date last seen Copy number Price effective from Koha item type
        Central Library, Naharkatiya College Central Library, Naharkatiya College General Stacks 19/09/2020   954 | KAL 18007 19/09/2020 1 19/09/2020 Books

Naharkatiya College © 2020. All rights reserved.

Powered By